| 000 | 00851nam a2200229Ia 4500 | ||
|---|---|---|---|
| 003 | GCL | ||
| 008 | 140319s9999 xx 000 0 ara d | ||
| 040 |
_aGCL / _cGCL |
||
| 082 | 0 | 4 |
_a011 _bأ ك |
| 100 | 1 | _aاسماعيل بن محمد امين بن ميرسلي | |
| 245 | 1 | 0 |
_aمن كتاب ايضاح المكنون فى الذيل عن كشف الظنون عن اسامى الكتب والفنون / _cاسماعيل بن محمد امين بن ميرسلي |
| 250 | _aالاولى | ||
| 260 |
_aبيروت : _bدار الكتب العلمية ، _c1992 |
||
| 300 |
_aمتعدد ؛ _c32 سم |
||
| 650 | 0 | 4 | _aالكتب |
| 650 | 0 | 4 | _aالمؤلفون |
| 650 | 0 | 4 | _aالحضارة الاسلامية |
| 650 | 0 | 4 | _aالكتب النادرة |
| 650 | 0 | 4 | _aعناوين الكتب |
| 650 | 0 | 4 | _aالبيلوجرافيا |
| 942 |
_2ddc _cREF |
||
| 999 |
_c59607 _d59607 |
||